| 000 | 00339nam a2200133Ia 4500 | ||
|---|---|---|---|
| 005 | 20260326235451.0 | ||
| 008 | 260326s9999||||xx |||||||||||||| ||und|| | ||
| 100 | _aSantos, Rafael | ||
| 245 | 0 |
_aNuestro Patrimonio : _b 100 tesoros de Colombia / _cRafael Santos |
|
| 260 | _bEl Tiempo | ||
| 300 | _a111 p. | ||
| 650 | _aCOLOMBIA | ||
| 942 | _cBK | ||
| 999 |
_c7781 _d7781 |
||